000
00250nam a2200109Ia 4500
008
200302s9999 xx 000 0 und d
100
_a
Author
245
_a
Space Style Decoration
260
_b
Tianjin University Press
260
_c
2010
300
_a
318
999
_c
3599
_d
3599